1867 1769 1901 1705 1791 1720 1682 1262 1029 1267 1350 1286 1223 1252 1445 1251 1424 1090 1902 1425 1635 1867 1529 1438 1967 1259 1187 1163 1398 1594 1811 1154 1865 1559 1039 1459 1129 1991 1455 1217 1134 1739 1022 1733 1317 1263 1171 1362 1664 1803 1905 1378 1587 1693 1798 1463 1386 1253 1103 1829 1312 1549 1511 1520 1833 1878 1585 1772 1624 1213 1374 1353 1879 1169 1593 1403 1090 1389 1865 1776 1232 1435 1909 1989 1672 1955 1878 1808 1915 1739 1975 1413 1094 1666 1711 1656 1094 1760 1298 BCNSPRNW ULIB Ver.6.0+V

เปลี่ยนเป็นภาษาไทย

Change to English
 แสดงรายละเอียดบรรณานุกรม
  กลับหน้าหลัก

Brief Record : Get Marc (ISO 2709) : E-mail record : QR code < ปิดหน้าต่าง
LEADER : 00000nam 2200000uu 4500
001    13399109570
003     ULIB
008    110405s2542||||th 000 0 tha d
060 04 WB400^bค231ว 2542
100 1  แพ็ตทริค ควลลิน
245 00 วิธีเสริมการรักษามะเร็งด้วยอาหารและอาหารเสริม /^cแพ็ตทริค ควลลิน, เขียน ; มัทนี เกษกมล, แปล
260    [กรุงเทพฯ] :^bสาระ,^c[2542]
300    284 หน้า :^bภาพประกอบ
650  7 โภชนาการกับมะเร็ง
650  7 มะเร็ง^xโภชนบำบัด
650  7 การขาดสารอาหารคนไข้มะเร็ง
700 0  มัทนี เกษกมล,^eผู้แปล
945    ^p195^l0^i012533
945    ^p195^l0^i012532
995    ทศพร
999 ^a ใช้งานได้ทุกระบบ
รายการนี้ยังไม่มีแท็ก
คุณยังไม่ได้ล็อกอิน คุณสามารถมีกิจกรรมร่วมกับเว็บไซต์ได้ แต่ต้องล็อกอินก่อน ::
  ล็อกอิน

รายการสื่อสารสนเทศ

ลำดับที่ ประเภท เลขเรียก/บาร์โค้ด สถานที่ สถานะ
- ไม่พบข้อมูล -

BibComment


ยังไม่เคยถูกคอมเมนท์

คอมเมนท์ทรัพยากรรายการนี้
  คอมเมนท์: วิธีเสริมการรักษา..


 Copyright 2026. Bcnsprnw @Library